000 09509cam a2201861 i 4500
999 _c57165
001 20870656
003 LIBRIS
005 20210330104223.0
008 170623s2017 sw |||||||||||000 0|swe|d
020 _a9789139207924
_qhäftad
035 _a(BOKR)9789139207924
040 _aBOKR
_bswe
_dR
_dS
_ei
_erda
041 _aswe
082 0 4 _a346.485022
_223/swe
084 _aOeaaa
_2kssb/8
100 1 _aAdlercreutz, Axel,
_d1917-2013
_4aut
_0https://libris.kb.se/dbqssfpx4kh4zqt#it
245 1 0 _aAvtal :
_blärobok i allmän avtalsrätt /
_cAxel Adlercreutz och Bernard Johann Mulder.
250 _aFjortonde upplagan
264 1 _aStockholm :
_bWolters Kluwer,
_c[2017]
264 3 _c2017
300 _a139 sidor
_c21 cm
336 _atext
_btxt
_2rdacontent
337 _aunmediated
_bn
_2rdamedia
338 _avolume
_bnc
_2rdacarrier
500 _5Li
_aPliktex.
650 7 _aAvtal
_0https://id.kb.se/term/sao/Avtal
_2sao
650 0 _aContracts
651 7 _aSverige
_0https://id.kb.se/term/sao/Sverige
_2sao
653 _aAvtalsrätt
653 _aSverige
653 _aLaw of contract -- Sweden
698 _a201737
951 s _6651
_aKonungariket Sverige
700 1 _aMulder, Bernard Johann,
_d1965-
_4aut
_0https://libris.kb.se/75kmqv8r4jkhd1l#it
887 _a{"@id":"6qjxxh4j4w62sqw","modified":"2017-10-16T10:28:22+02:00","checksum":"157513714488"}
_2librisxl
887 _a{"@id":"fks4xtpl58cd428","modified":"2017-10-25T15:26:42+02:00","checksum":"79204442966"}
_2librisxl
887 _a{"@id":"pt2jb6mv3sq6gfv","modified":"2018-05-11T16:19:18+02:00","checksum":"99279962978"}
_2librisxl
887 _a{"@id":"glt5sd2m5l1wbxt","modified":"2017-10-17T12:25:01+02:00","checksum":"88340500335"}
_2librisxl
887 _a{"@id":"4hp05gzh262wptqv","modified":"2021-01-27T10:07:42.235+01:00","checksum":"94972318048"}
_2librisxl
887 _a{"@id":"7clw97kd512jx52","modified":"2017-09-29T10:42:43+02:00","checksum":"98732693278"}
_2librisxl
887 _a{"@id":"frj7pf3zcd66zzg6","modified":"2020-01-13T15:16:14.371+01:00","checksum":"88319834687"}
_2librisxl
887 _a{"@id":"p1nv67xwmmv3h8xw","modified":"2019-12-05T14:42:44.381+01:00","checksum":"89784939692"}
_2librisxl
887 _a{"@id":"z3bm2jp427s6rjk","modified":"2017-10-02T13:17:20+02:00","checksum":"141019531720"}
_2librisxl
887 _a{"@id":"9fn2g03g5f96g3l","modified":"2017-12-21T08:31:26+01:00","checksum":"167208442930"}
_2librisxl
887 _a{"@id":"59jt7lqb1nq2wl9","modified":"2018-08-28T14:48:29.147+02:00","checksum":"157215843610"}
_2librisxl
887 _a{"@id":"v07k6j2108d3s3f","modified":"2017-10-16T14:20:30+02:00","checksum":"117610617304"}
_2librisxl
887 _a{"@id":"04cskgb54b5f110","modified":"2018-03-01T13:58:16+01:00","checksum":"78715804946"}
_2librisxl
887 _a{"@id":"w5znv12bt76l84p5","modified":"2018-08-16T15:01:18.789+02:00","checksum":"132072378095"}
_2librisxl
887 _a{"@id":"04cp6vp54kw0hhc","modified":"2017-10-09T12:23:16+02:00","checksum":"118087327648"}
_2librisxl
887 _a{"@id":"rw4g38tx18mrvtl","modified":"2017-10-16T10:28:17+02:00","checksum":"135908374439"}
_2librisxl
887 _a{"@id":"chq1fr7j39t9z8k","modified":"2017-09-27T12:16:28+02:00","checksum":"137509224142"}
_2librisxl
887 _a{"@id":"04crmr850db8t27","modified":"2018-01-10T08:36:54+01:00","checksum":"122721189991"}
_2librisxl
887 _a{"@id":"w18l8l421sgzwvn","modified":"2020-05-29T11:52:06.833+02:00","checksum":"128520355736"}
_2librisxl
887 _a{"@id":"sx5h0rlz3798mx7","modified":"2017-10-09T18:22:12+02:00","checksum":"113356094483"}
_2librisxl
887 _a{"@id":"ns1bbsbt340h8rs","modified":"2017-09-07T14:16:46+02:00","checksum":"111335072345"}
_2librisxl
887 _a{"@id":"qv3fw1nw238lzjp","modified":"2017-10-04T13:42:09+02:00","checksum":"102776682358"}
_2librisxl
887 _a{"@id":"6jfn8bfb4892f9r0","modified":"2020-02-13T12:26:50.299+01:00","checksum":"93077777220"}
_2librisxl
887 _a{"@id":"8dmz8zdf28cdmb9","modified":"2017-11-15T14:49:23+01:00","checksum":"161322679764"}
_2librisxl
887 _a{"@id":"z3bm4cj40lch6v6","modified":"2017-08-31T18:07:35+02:00","checksum":"70164767876"}
_2librisxl
887 _a{"@id":"mr0bwf8s13mb5vl","modified":"2017-10-26T12:10:03+02:00","checksum":"102974172902"}
_2librisxl
887 _a{"@id":"lqz8glmr2hrn9ms","modified":"2019-05-23T08:58:33.693+02:00","checksum":"153939628676"}
_2librisxl
887 _a{"@id":"chq2ns0j0lp7d85","modified":"2017-10-13T13:36:25+02:00","checksum":"130150656094"}
_2librisxl
887 _a{"@id":"v07jnl7104vqb6k","modified":"2017-09-11T11:02:33+02:00","checksum":"148266010348"}
_2librisxl
887 _a{"@id":"fks386fl2l4jln2","modified":"2017-09-13T08:53:14+02:00","checksum":"85752839505"}
_2librisxl
887 _a{"@id":"ns1czw3t4nzq038","modified":"2017-10-13T10:11:58+02:00","checksum":"105331295968"}
_2librisxl
887 _a{"@id":"ns1bh4tt1jjjn1q","modified":"2017-09-12T16:43:40+02:00","checksum":"110644887535"}
_2librisxl
887 _a{"@id":"rw4gxtwx05bwqtx","modified":"2017-10-05T17:18:52+02:00","checksum":"107272581978"}
_2librisxl
887 _a{"@id":"fks368ml58c60b5","modified":"2017-09-08T14:06:56+02:00","checksum":"135858320117"}
_2librisxl
887 _a{"@id":"nztrgcfglq4lg8d4","modified":"2019-05-16T16:16:44.304+02:00","checksum":"101574713846"}
_2librisxl
887 _a{"@id":"jnw71hgp2xwzxgr","modified":"2017-10-27T12:21:31+02:00","checksum":"122310903798"}
_2librisxl
887 _a{"@id":"15dpt1b60c40hdl","modified":"2017-09-12T15:46:36+02:00","checksum":"92977064494"}
_2librisxl
887 _a{"@id":"9fnz8s7g35b8rhr","modified":"2017-09-21T14:19:27+02:00","checksum":"138970265513"}
_2librisxl
887 _a{"@id":"48hs0hr93fplw3b","modified":"2017-09-29T16:57:11+02:00","checksum":"93125583375"}
_2librisxl
942 _2z
_cBOOK